• 首页
  • 本馆介绍
  • 公告通知
  • 最新文献
  • 馆藏检索
  • 电子资源
  • 读者导购
  • 参考咨询
  • 我的图书馆
  • 登录
  • 详细信息显示
  • 放入我的书架
  • 预约/预借图书
  • 作者相关作品
  • 分类相关作品
  • 丛书相关作品
  • 出版社相关作品

书目信息

  • 表格格式
  • 工作单格式
  • 卡片格式
题名:
SQL Server 2016数据库入门与应用
    
 
作者: 李艳丽 , 靳智良 编著
分册:  
出版信息: 北京   清华大学出版社  2019.04
页数: 334页
开本: 26cm
丛书名:
单 册:
中图分类: TP311.132.3 , TP311.138SQ
科图分类:
主题词: 关系数据库--guan xi shu ju ku--数据库管理系统--SQL Server 2016
电子资源:
ISBN: 978-7-302-51564-7
000 01108nam0 2200265 450
001 0106081930
005 20201106082048.0
010    @a978-7-302-51564-7@dCNY55.00
100    @a20201105e20202019em y0chiy50 ea
101 0  @achi
102    @aCN@b110000
105    @ay z 000yy
106    @ar
200 1  @aSQL Server 2016数据库入门与应用@ASQL Server 2016 shu ju ku ru men yu ying yong@f李艳丽, 靳智良编著
210    @a北京@c清华大学出版社@d2019.04@h2020.08
215    @a334页@d26cm
330    @a本书全面介绍SQLServer2016数据库管理知识,主要内容包括:注册服务器、SQLServer2016的管理工具、创建数据库、定义列的数据类型、约束表的完整性、附加数据库、SELECT查询、批量更新数据、Transact-SQL编程、使用存储过程和触发器、备份数据库、创建数据库账号、指定权限以及XML类型的操作等等。
606 0  @a关系数据库@Aguan xi shu ju ku@x数据库管理系统@xSQL Server 2016
610 0  @aSQL Server@ASQL Server
690    @aTP311.132.3@v5
690    @aTP311.138SQ@v5
701  0 @a李艳丽@Ali yan li@4编著
701  0 @a靳智良@Ajin zhi liang@4编著
801  0 @aCN@bBJSZM@c20201106
905    @b1213420-3@dTP311.132.3@e1557@f4
    
    SQL Server 2016数据库入门与应用/李艳丽, 靳智良编著.-北京:清华大学出版社,2019.04(2020.08)
    334页;26cm
    
    
    ISBN 978-7-302-51564-7:CNY55.00
    本书全面介绍SQLServer2016数据库管理知识,主要内容包括:注册服务器、SQLServer2016的管理工具、创建数据库、定义列的数据类型、约束表的完整性、附加数据库、SELECT查询、批量更新数据、Transact-SQL编程、使用存储过程和触发器、备份数据库、创建数据库账号、指定权限以及XML类型的操作等等。
●
相关链接 在E读中查询图书 在五车中查询图书 在当当中查询图书 在豆瓣中查询图书


正题名:SQL Server 2016数据库入门与应用     索取号:TP311.132.3/1557         预约/预借

序号 登录号 条形码 馆藏地/架位号 状态 备注
1 1213420   212134206   第二样本阅览室/ [索取号:TP311.132.3/1557] 在馆    
2 1213421   212134215   第三借阅区/ [索取号:TP311.132.3/1557] 在馆    
3 1213422   212134224   第三借阅区/ [索取号:TP311.132.3/1557] 在馆    
4 1213423   212134233   第三借阅区/ [索取号:TP311.132.3/1557] 在馆    
唐山师范学院图书馆 欢迎您!
大连网信软件有限公司© 版权所有